000 00696nam a22002297a 4500
999 _c16770
_d16770
003 AR-CdUCM
008 190506b ||||| |||| 00| 0 spa d
040 _aMUNICIPALIDAD PROVINCIAL DEL CUSCO
_cBIBLIOTECA MUNICIPAL DEL CUSCO
041 _heng.
082 _a869.26 /
_bL54
100 _aTorfano, Ricardo Jose
_936422
245 _aCuentos :
_bSinclair Lewis /
260 _aBuenos Aires :
_bAgora,
_c1959.
300 _a94 paginas ;
_c15 cm.
440 _aColección temas actuales
_936423
505 _aContenido :Cuentos
650 _aLiteratura
_983
650 _aCuentos
_9217
700 _aMario Hugo Calichio (traductor)
_936424
942 _2ddc
_cLIBROS
945 _arjall
_d2019-05-06